| 000 | 00543nam a22002177a 4500 | ||
|---|---|---|---|
| 003 | UA-OsUOA | ||
| 001 | 46918 | ||
| 007 | ta | ||
| 008 | 20070709b un ||||| |||| 00| 0 ukr d | ||
| 100 | _aА.В. Шеклеин | ||
| 090 |
_a192 _bА11 |
||
| 942 | _cBK | ||
| 040 |
_aUA-OsUOA _brus _cUA-OsUOA _dUA-OsUOA |
||
| 245 | _aФотографический калейдоскоп | ||
| 955 | _a2 | ||
| 041 | _arus | ||
| 080 | _a192 | ||
| 260 |
_aМ. _bХИМИЯ _c1989 |
||
| 650 | 7 |
_a1 Філософські науки _2UDC |
|
| 999 |
_c333014 _d333014 |
||